Vnútropodnikové ceny ako nástroj ocenenia interných výkonov podniku diplomová práca

Saved in:
Bibliographic Details
Main Author: Ripčíková, Petra
Corporate Author: Fakulta hospodárskej informatiky EU. Katedra účtovníctva a audítorstva
Other Authors: Antalová, Renáta
Format: Book
Language:Slovak
Published: Bratislava 2011
Tags: Add Tag
No Tags, Be the first to tag this record!

MARC

LEADER 00000nbm a2200000 4500
001 0140749
005 20161109101947.5
041 0 |a slo 
044 |a SK 
245 1 0 |a Vnútropodnikové ceny ako nástroj ocenenia interných výkonov podniku  |b diplomová práca  |c Petra Ripčíková ; školiteľ: Renáta Antalová 
264 1 |a Bratislava  |c 2011 
300 |a 53 s. 
100 1 |a Ripčíková, Petra 
700 1 |a Antalová, Renáta 
710 2 |a Fakulta hospodárskej informatiky EU. Katedra účtovníctva a audítorstva